000 00375nam a2200145Ia 4500
008 231129s2003||||xx |||||||||||||| ||spa||
020 _a84-226-0933-9
040 _bspa
082 _a839.833 U41a
100 _aUllmann Linn
245 0 _aEl adiós de Stella
260 _c2003
264 _aCí­rculo de Lectores
942 _2ddc
_cBKS
999 _c10094
_d10094